| 000 | 01772nam0a2200373 4500 | ||
|---|---|---|---|
| 001 | RU\NLR\bibl\2074319 | ||
| 005 | 20250630114118.0 | ||
| 010 |
_a978-5-93078-775-7 _9500 |
||
| 021 |
_aRU _b2013-64699 _94428 |
||
| 035 | _a(NLR Aleph) 002060335 | ||
| 035 | _a(nilc)RuMoRGB-006632391 | ||
| 090 |
_a4682447 _c4682447 |
||
| 100 | _a20130819d2013 |||y0rusy50 ca | ||
| 101 | 0 | _arus | |
| 102 | _aRU | ||
| 105 | _aa ||||||||| | ||
| 200 | 1 |
_aОт сохи до электроники _eиз истории промышленности Карачаево-Черкесии (1920-1985) _fР.С. Тебуев _gКарачаево-Черкес. ин-т гуманит. исслед. при Правительстве КЧР |
|
| 210 |
_aСтаврополь _cСервисшкола _d2013 |
||
| 215 |
_a281, [1] с. _cил., портр. _d24 |
||
| 300 | _aНа 4-й с. авт.: Р.С. Тебуев, д.чл. Петерб. акад. гуманит. наук, засл. деят. науки Карачаево-Черкес. Респ., засл. деят. высш. шк. КЧР | ||
| 320 | _aБиблиогр. в подстроч. прим. | ||
| 320 | _aДр. произведения авт. на 4-й с. обл. | ||
| 606 | 1 |
_aПромышленность _xИстория _yКарачаево-Черкесия, Республика _92189147 _3RU\NLR\AUTH\6601551960 |
|
| 686 | 1 | _aУ30(2)-03(2Р-4Ст-6К) | |
| 700 | 1 |
_aТебуев _bР. С. _f1938- _gРамазан Сагитович _4070 |
|
| 801 | 0 |
_aRU _bRuMoRKP _c20130819 _gRCR |
|
| 801 | 2 |
_aRU _bРГБ _c20130828 _grcr |
|
| 801 | 1 |
_aRU _bRuMoRKP _c20130819 _2rusmarc |
|
| 801 | 2 |
_aRU _bNLR _c20130923 _grcr |
|
| 942 | _cBOOK | ||
| 980 | _aNBR | ||
| 980 | _aNB | ||